Visualizzazione normale
Vista MARC
- Catholic Church
di Corporate Name
Records bibliografici associati: 1
001 - CONTROL NUMBER
- control field: 35417
003 - CONTROL NUMBER IDENTIFIER
- control field: IT-RoPau
005 - DATE AND TIME OF LATEST TRANSACTION
- control field: 20150717115158.0
008 - FIXED-LENGTH DATA ELEMENTS
- fixed length control field: 150717|| aca||aabn | a|a d
040 ## - CATALOGING SOURCE
- Original cataloging agency: IT-RoPau
- Transcribing agency: IT-RoPau
110 ## - HEADING--CORPORATE NAME
- Corporate name or jurisdiction name as entry element: Catholic Church
- Geographic subdivision: Italy
- General subdivision: Finance.
670 ## - SOURCE DATA FOUND
- Source citation: Work cat.: (IT-RoPau)0: Maltese, Curzio, 1959- 35415, La questua :, 2008.